Sage v SoS Environment and others (Record no. 72552)
[ view plain ]
| 000 -LEADER | |
|---|---|
| fixed length control field | 01542cam a2200253 4500 |
| 001 - CONTROL NUMBER | |
| control field | X122098 |
| 008 - FIXED-LENGTH DATA ELEMENTS--GENERAL INFORMATION | |
| fixed length control field | 030428n2003 000 0 eng u |
| 035 ## - SYSTEM CONTROL NUMBER | |
| System control number | (Sirsi) u122098 |
| 245 ## - TITLE STATEMENT | |
| Title | Sage v SoS Environment and others |
| 260 ## - PUBLICATION, DISTRIBUTION, ETC. | |
| Date of publication, distribution, etc. | 2003 |
| 490 ## - SERIES STATEMENT | |
| Series statement | Weekly Law Reports |
| Volume/sequential designation | [2003] 1 WLR 983-994(12) |
| 520 ## - SUMMARY, ETC. | |
| Summary, etc. | [2003] UKHL 22, 10 April 2003. Appeal by the local planning authority (Maidstone BC) from the CA decision ([2001] EWCA Civ 100, [2002] 1 P&CR 493) that an enforcement notice served on the respondent's partially erected dwelling house had expired. The issue was the whether the enforcement notice was served within the four-year time limit imposed in relation to the completion of building operations under the Town and Country Planning Act 1990 s171B. "Held": appeal allowed. The inspector was correct in concluding that since the building had not been 'substantially completed' the enforcement notice had been served within the four-year time limit. View judgment at www.parliament.the-stationery-office.co.uk. |
| 590 ## - LOCAL NOTE (RLIN) | |
| Local note | ABS |
| 650 ## - SUBJECT ADDED ENTRY--TOPICAL TERM | |
| Topical term or geographic name entry element | TOWN AND COUNTRY PLANNING ACT 1990 S171(B) |
| 650 ## - SUBJECT ADDED ENTRY--TOPICAL TERM | |
| Topical term or geographic name entry element | SUBSTANTIALLY COMPLETED |
| 650 ## - SUBJECT ADDED ENTRY--TOPICAL TERM | |
| Topical term or geographic name entry element | ENFORCEMENT NOTICES |
| 650 ## - SUBJECT ADDED ENTRY--TOPICAL TERM | |
| Topical term or geographic name entry element | TIME LIMITS |
| 650 ## - SUBJECT ADDED ENTRY--TOPICAL TERM | |
| Topical term or geographic name entry element | PLANNING CONTROL |
| 650 ## - SUBJECT ADDED ENTRY--TOPICAL TERM | |
| Topical term or geographic name entry element | SAGE V SOS ENVIRONMENT AND OTHERS |
| 650 ## - SUBJECT ADDED ENTRY--TOPICAL TERM | |
| Topical term or geographic name entry element | BUILDING OPERATIONS |
| 690 ## - LOCAL SUBJECT ADDED ENTRY--TOPICAL TERM (OCLC, RLIN) | |
| Topical term or geographic name as entry element | Planning and development |
| 9 (RLIN) | 6259 |
| 856 ## - ELECTRONIC LOCATION AND ACCESS | |
| Uniform Resource Identifier | <a href="https://www.parliament.the-stationery-office.co.uk/pa/ld200203/ldjudgmt/jd030410/sage-1.htm">https://www.parliament.the-stationery-office.co.uk/pa/ld200203/ldjudgmt/jd030410/sage-1.htm</a> |
| Public note | View judgment on the UK Parliament website... |
| 942 ## - ADDED ENTRY ELEMENTS (KOHA) | |
| Suppress in OPAC | 0 |
| Withdrawn status | Lost status | Source of classification or shelving scheme | Damaged status | Not for loan | Home library | Current library | Shelving location | Date acquired | Total Checkouts | Full call number | Barcode | Date last seen | Copy number | Price effective from | Koha item type |
|---|---|---|---|---|---|---|---|---|---|---|---|---|---|---|---|
| Dewey Decimal Classification | London | London | Journal article | 28/04/2003 | X122098 | 122098-1001 | 06/08/2019 | 1 | 06/08/2019 | Law report |